• 首页
  • 本馆介绍
  • 公告通知
  • 最新文献
  • 馆藏检索
  • 电子资源
  • 读者导购
  • 参考咨询
  • 我的图书馆
  • 登录
  • 详细信息显示
  • 放入我的书架
  • 预约/预借图书
  • 作者相关作品
  • 分类相关作品
  • 丛书相关作品
  • 出版社相关作品

书目信息

  • 表格格式
  • 工作单格式
  • 卡片格式
题名:
应用生物化学
    
 
作者: 欧伶 编著
分册:  
出版信息: 北京   化学工业出版社  2016.5
页数: 333页
开本: 26cm
丛书名:
单 册:
中图分类: Q599
科图分类:
主题词: 生物化学--应用--高等教育--教材 , 生物化学
电子资源:
ISBN: 978-7-122-04348-1
000 00956nam0 2200277 450
001 0400002785
005 20171026085035.71
010    @a978-7-122-04348-1@dCNY35.00
100    @a20090327d2016 em y0chiy50 ea
101 0  @achi
102    @aCN@b110000
105    @aa z 000yy
106    @ar
200 1  @a应用生物化学@9ying yong sheng wu hua xue@f欧伶 ... [等]编著
205    @a第2版
210    @a北京@c化学工业出版社@d2016.5
215    @a333页@c图@d26cm
300    @a普通高等教育“十一五”国家级规划教材 生物工程 生物技术系列
304    @a编著还有:俞建瑛、欧阳立明、李素霞
330    @a全书从整体角度,描述生命系统的特征,构筑起生物化学的基本框架,进而讨论了生物体的分子组成,这些生物分子在生物体中的化学变化以及这些变化与各种生命现象的关系。
606 0  @a生物化学@x应用@x高等教育@j教材
606 0  @a生物化学
690    @aQ599@v5
701  0 @a欧伶@9ou ling@4编著
801  0 @aCN@b91MARC@c20171021
905    @b1032700-4@dQ599@f5@e237=2
    
    应用生物化学/欧伶 ... [等]编著.-第2版.-北京:化学工业出版社,2016.5
    333页:图;26cm
    普通高等教育“十一五”国家级规划教材 生物工程 生物技术系列
    
    ISBN 978-7-122-04348-1:CNY35.00
    全书从整体角度,描述生命系统的特征,构筑起生物化学的基本框架,进而讨论了生物体的分子组成,这些生物分子在生物体中的化学变化以及这些变化与各种生命现象的关系。
●
相关链接 在E读中查询图书 在五车中查询图书 在当当中查询图书 在豆瓣中查询图书


正题名:应用生物化学     索取号:Q599/237=2         预约/预借

序号 登录号 条形码 馆藏地/架位号 状态 备注
1 1032700   210327001   第二样本阅览室/ [索取号:Q599/237=2] 在馆    
2 1032701   210327010   密集书库-生命科学系/ [索取号:Q599/237=2] 在馆    
3 1032702   210327029   第三借阅区/ [索取号:Q599/237=2] 在馆    
4 1032703   210327038   第三借阅区/ [索取号:Q599/237=2] 在馆    
5 1032704   210327047   第三借阅区/ [索取号:Q599/237=2] 在馆    
唐山师范学院图书馆 欢迎您!
大连网信软件有限公司© 版权所有